000 04636nam a22004217a 4500
005 20090911100449.0
008 080709t xxu||||| |||| 00| 0chin d
010 _aB-357298
020 _c150.00
_a8189155156
035 _aB-357298
035 _aB-375964-974
037 _bDBAD / pub
037 _bpub
040 _aDPL
_bHN
082 _a920
245 _aभारत के राष्ट्पति /
_cभूपेन्द्र कुमार तिवारी द्वारा संपादित
246 _aBharat ke rshtrapati
_bedited by Bhupendra Kumar Tiwari
260 _aदिल्ली
_bबाल शिक्षा पुस्तक संस्थान
_c2008
270 _a821/बी, गुरू रामदास नगर एक्सटेंशन गुरूद्वारा रोड, लक्ष्मी नगर
_bदिल्ली
_e110092
300 _a112पृ
_c22सेमी(सजिल्द)
_bसचित्र
650 _aPresidents
_xBiography
_yIndia
650 _aराष्ट्रपति
_xजीवनी
_yभारत
700 _aतिवारी, भूपेन्द्र कुमार
942 _2ddc
_cCH
_h920
_m भारत
999 _c30252
_d30252